| 000 | 01483nam a22003857a 4500 | ||
|---|---|---|---|
| 003 | CHAP | ||
| 005 | 20220329143512.0 | ||
| 008 | 100226s2007 mx a r 00010 spa d | ||
| 010 | _a97632 | ||
| 011 | _a98604 | ||
| 035 | _a109289 | ||
| 040 | _cCHAP | ||
| 090 | _aFolleto 17553 | ||
| 245 | 0 | 0 |
_aJosé Mariano Mociño _c/por Rubén López Cano ...[et al.] |
| 260 |
_aToluca, Edo. de Méx. : _bGobierno del Estado de México, _c2007 |
||
| 300 |
_a30 p. : _bgráfs., ilus. |
||
| 490 | 0 |
_aBiblioteca Mexiquense del Bicentenario. _pColección investigación y divulgación _v; 2 |
|
| 590 |
_aBATCH-UPD _b10 _c20130110 _lUCH01 _h0857 |
||
| 590 |
_aBATCH-UPD _b10 _c20130410 _lUCH01 _h0527 |
||
| 590 |
_aBATCH-UPD _b10 _c20130914 _lUCH01 _h0738 |
||
| 590 |
_aCONVERSION _b10 _c20130109 _lUCH01 _h1354 |
||
| 650 | 1 | 4 |
_aBotánica _xMéxico (Edo.) _914593 |
| 650 | 1 | 4 |
_aMéxico (Edo.) _xCondiciones económicas. _976824 |
| 650 | 1 | 4 |
_aMéxico (Edo.) _xGeografía. _976830 |
| 650 | 1 | 4 |
_aMociño, José Mariano _y1757-1820. _976391 |
| 650 | 1 | 4 |
_aPoblación _zMéxico (Edo.). _989428 |
| 650 | 1 | 4 |
_aRecursos naturales _zMéxico (Edo.). _995330 |
| 650 | 1 | 4 |
_aSuelos _zMéxico (Edo.). _9110525 |
| 650 | 1 | 4 |
_aVida silvestre _xMéxico (Edo.) _9119188 |
| 700 | 1 |
_aLópez Cano, Rubén. _967745 |
|
| 830 | 0 |
_aBiblioteca Mexiquense del Bicentenario. _pColección investigación y divulgación _v; 2 _912419 |
|
| 901 | _aBK | ||
| 942 | _cFOLL | ||
| 949 |
_aFolleto 17553 _bBC _cFOLL _d33724002104579 _eTS1 _i109289 _sb |
||
| 999 |
_c97632 _d97632 |
||